LEADER 01584nam 2200361 n 450 001 996396777303316 005 20200824121111.0 035 $a(CKB)4330000000347418 035 $a(EEBO)2240886361 035 $a(UnM)99842385e 035 $a(UnM)99842385 035 $a(EXLCZ)994330000000347418 100 $a19910507d1618 uy | 101 0 $aroa 135 $aurbn||||a|bb| 200 13$aLe second part des reportes del Edvvard Coke Lattorney Generall de Roigne$b[electronic resource] $ede diuers matters en ley, auec grand & mature consideration resolue, & adiudge, queux ne fueront vnques resolue ou adiudge par deuant, & les raisons & causes de yceux, durant le raigne de tresillustre & renomes Roigne Elizabeth, le fountaine de tout iustices, & la vie de la ley 210 $aLondon $cPrinted [by Adam Islip] for the Companie of Stationers$dAnno Domini 1618. Cum priuilegio 215 $a[6], 94 leaves 300 $aPrefaces in English and Latin; main text in Law French and Latin. 300 $aPrinter's name from STC. 300 $aReproduction of the original in the University of Illinois (Urbana-Champaign Campus). Library. 330 $aeebo-0167 606 $aLaw reports, digests, etc$zGreat Britain 615 0$aLaw reports, digests, etc. 700 $aCoke$b Edward$cSir,$f1552-1634.$0626804 801 0$bCu-RivES 801 1$bCu-RivES 801 2$bCStRLIN 801 2$bWaOLN 906 $aBOOK 912 $a996396777303316 996 $aLe second part des reportes del Edvvard Coke Lattorney Generall de Roigne$92317333 997 $aUNISA LEADER 03054nam 22006615 450 001 9910984590703321 005 20250301115244.0 010 $a9783031735103 010 $a3031735102 024 7 $a10.1007/978-3-031-73510-3 035 $a(MiAaPQ)EBC31928871 035 $a(Au-PeEL)EBL31928871 035 $a(CKB)37744243700041 035 $a(DE-He213)978-3-031-73510-3 035 $a(OCoLC)1505734379 035 $a(EXLCZ)9937744243700041 100 $a20250301d2025 u| 0 101 0 $aeng 135 $aurcnu|||||||| 181 $ctxt$2rdacontent 182 $cc$2rdamedia 183 $acr$2rdacarrier 200 10$aNavigating Economic Uncertainty - Vol. 2 $eProceedings of the 7th International Scientific Conference on Business and Economics (ISCBE), Portugal, June 2024 /$fedited by Hyrije Abazi-Alili, Abdylmenaf Bexheti, Veland Ramadani, Carmem Leal, Carlos Peixeira Marques 205 $a1st ed. 2025. 210 1$aCham :$cSpringer Nature Switzerland :$cImprint: Springer,$d2025. 215 $a1 online resource (390 pages) 225 1 $aSpringer Proceedings in Business and Economics,$x2198-7254 311 08$a9783031735097 311 08$a3031735099 330 $aThis book is the second volume presenting carefully selected chapters from the proceedings of the 7th International Scientific Conference on Business and Economics (ISCBE),Vila Real, Portugal, which took place in June 2024. The chapters provide key strategies for thriving in the midst of economic turbulence and explore adaptation, innovation and resilience in our modern, unpredictable landscape. They cover a wide range of areas relevant to contemporary business and economics issues such as economic shocks, high inflation, energy crisis, growth prospects, economic forecast, labor market, gender inequalities, migration, entrepreneurship, firm development and innovations, and technological transformation. The book is an essential compass for business leaders to navigate market volatility and economic uncertainty. 410 0$aSpringer Proceedings in Business and Economics,$x2198-7254 606 $aIndustrial organization 606 $aSustainability 606 $aStrategic planning 606 $aLeadership 606 $aIndustrial Organization 606 $aSustainability 606 $aBusiness Strategy and Leadership 615 0$aIndustrial organization. 615 0$aSustainability. 615 0$aStrategic planning. 615 0$aLeadership. 615 14$aIndustrial Organization. 615 24$aSustainability. 615 24$aBusiness Strategy and Leadership. 676 $a338.6 700 $aAbazi-Alili$b Hyrije$01736824 701 $aBexheti$b Abdylmenaf$01736823 701 $aRamadani$b Veland$01061400 701 $aLeal$b Carmem$01790183 701 $aPeixeira Marques$b Carlos$01790184 801 0$bMiAaPQ 801 1$bMiAaPQ 801 2$bMiAaPQ 906 $aBOOK 912 $a9910984590703321 996 $aNavigating Economic Uncertainty - Vol. 2$94326272 997 $aUNINA